Taylor Swift - Paroles Gorgeous - Statistiques

Statistiques générales
  • Ce quiz a été pris 411 fois
    226 depuis la dernière actualisation
  • Le résultat moyen est 363 sur 418
Statistiques - réponses
Hint Réponse % Correct
a
100%
Bridge | Outro | Verse 1 | Verse 2 You
100%
you
100%
you)
100%
Intro Gorgeous
99%
gorgeous
99%
I
99%
(I
99%
oh
97%
it
96%
so
96%
to
96%
(to
96%
your
96%
me
95%
But
94%
but
94%
(but
94%
You're
94%
you're
94%
and
93%
And
93%
can
93%
That
93%
the
93%
what
93%
can't
91%
'Cause
90%
I'm
90%
(I'm
90%
make
90%
of
90%
Of
90%
way
90%
way)
90%
at
89%
At
89%
look
89%
(look
89%
say
89%
say?
89%
say)
89%
as
88%
face
88%
face)
88%
got
88%
in
88%
should
88%
take
88%
this
88%
compliment
87%
feel
87%
(feel
87%
than
87%
her
86%
talk
86%
anything
85%
my
85%
hate
83%
makes
83%
not
83%
are
82%
for
82%
If
82%
if
82%
jealous
82%
mad
82%
making
82%
mine
82%
don't
81%
furious
81%
furious)
81%
single
81%
about
80%
boyfriend
80%
hurts
80%
hurts)
80%
know
80%
have
79%
honestly
79%
think
79%
too
79%
us
79%
consequence
78%
actually
77%
back
77%
girlfriend
77%
happy
77%
he's
77%
He's
77%
on
77%
being
76%
blue
76%
doing
76%
eyes
76%
more
76%
much
76%
much)
76%
nothing
76%
older
76%
sad
76%
You've
76%
you've
76%
by
75%
drunk
75%
Pre-Chorus Ocean
75%
club
74%
everyone
74%
here
74%
like
74%
little
74%
turns
74%
life
73%
strong
73%
There's
73%
hand
72%
(dark
71%
dark
71%
room
71%
room)
71%
talking
71%
worse
71%
die
70%
magnetic
70%
might
70%
Pre-Chorus Whisky
70%
Sunset
69%
drown
68%
fun
68%
looking
68%
touching
68%
cool
67%
made
67%
ruined
66%
Vine
66%
ice
65%
yeah
65%
sink
63%
that's
63%
come
62%
field
61%
Alone
60%
along
60%
cats
59%
home
57%
(Honey
57%
unless
57%
wanna
57%
I'll
55%
just
54%
Guess
52%
darkened
39%
stumble
38%
Aucun quiz correspondant
Distribution des résultats
% des personnes avec chaque résultat
Percentile par nombre de réponses
Votre historique - résultats
Vous n’avez pas pris ce quiz depuis la dernière actualisation